| 000 | 01172nam a2200385 c 4500 | ||
|---|---|---|---|
| 001 | 44707 | ||
| 003 | ES-MaCES | ||
| 005 | 20140605151222.0 | ||
| 008 | 140603s2013 sp 000 | spa d | ||
| 017 |
_aM 24492-2013 _bDL |
||
| 020 | _a9788490316320 | ||
| 040 |
_aES-MaCES _bspa _cES-MaCES |
||
| 100 | 1 |
_934988 _aViana López, César J. |
|
| 245 | 1 | 0 |
_a Mediación laboral _cCésar J. Viana López |
| 260 |
_aMadrid _bDykinson _c[2013] |
||
| 300 |
_a171 p. _c22 cm |
||
| 490 | 1 | _aColección Práctica de mediación | |
| 504 | _aBibliografía: 127-128 p. | ||
| 541 | _cCompra | ||
| 650 | 4 |
_aconflicto de trabajo _928367 |
|
| 650 | 4 |
_aarreglo de conflicto _927305 |
|
| 650 | 4 |
_amediación _929897 |
|
| 650 | 4 |
_aarbitraje _927302 |
|
| 650 | 4 |
_aconciliación _927303 |
|
| 650 | 4 |
_anegociación colectiva _928362 |
|
| 650 | 4 |
_ainspección del trabajo _928213 |
|
| 650 | 4 |
_aprocedimiento laboral _930887 |
|
| 650 | 4 |
_aEspaña _926964 |
|
| 650 | 4 |
_arégimen jurídico _929894 |
|
| 650 | 4 |
_aformulario _931568 |
|
| 653 | 1 | 0 | _aRelaciones laborales-Empleo |
| 830 | 0 |
_934989 _aColección Práctica de mediación |
|
| 902 | _aLIB Libro | ||
| 942 |
_2CES _cBK _h2.0. |
||
| 999 |
_c44707 _d44707 |
||